Brawl Stars Quiz - Statistics

General Stats
  • This quiz has been taken 1,362 times
  • The average score is 6 of 20
Answer Stats
Question Answer % Correct
What is the name of Nita's bear? Bruce
83%
What was Rico's old name? Ricochet
56%
Name a brawler that was involved in a Robo Rumble glitch. Mortis
49%
Which skin can only be unlocked if you played before 2019? Star Shelly
43%
What does El Primo mean in English? The Cousin
41%
What is the name of Jessie's turret? Scrappy
38%
What type of bird does Dynamike have under his hat? Canary
33%
Which brawler says a line that translates to "I like it that way"? Shelly (Asi me gusta)
30%
What was Pam's original name going to be, but changed when she got released? Mama J
29%
What is the most expensive skin in the game at 300 gems? Phoenix Crow
26%
Which cards in Clash Royale are a skin in Brawl Stars? Night Witch
24%
What does being star player reward you with? XP
24%
How much health does a heist safe or IKE have? 40,000
21%
Which brawler has the longest super range? Bibi
21%
Which cards in Clash Royale are a skin in Brawl Stars? Wizard
20%
What capital city is Brawl Stars headquarters located in? Helsinki
17%
What were clubs called before they got renamed? Bands
15%
Which brawler got released along with Frank? Penny
11%
Name one showdown map that got removed in 2019. Island Invasion
7%
Who is Colt named after? {Samuel} Colt
4%
No matching quizzes found
Score Distribution
Percent of People with Each Score
Percentile by Number Answered
Your Score History
You have not taken this quiz